000 00394nam a22001577a 4500
005 20260421115420.0
008 260421b |||||||| |||| 00| 0 eng d
082 _a005.8
_bMAH-W
100 _aTariq Mahmood, Ahsan Raza
245 _aWeb Programming /
260 _aindia:
_belsevier,
_c2024:
300 _axiv, 350 p. :
500 _ainclude index.
650 _aProgramming
999 _c37123
_d37123